| 000 | 00627 a2200133 4500 | ||
|---|---|---|---|
| 003 | Nust | ||
| 005 | 20170207165239.0 | ||
| 035 | _a(SFX)1000000000356079 | ||
| 040 | _cNust | ||
| 100 | 1 | _aVerbeek, Marno | |
| 245 | 1 | 2 |
_aA Guide to Modern Econometrics (E Book) _h[Elektronisk resurs] |
| 260 |
_aChichester : _bJohn Wiley & Sons, Ltd. _c2004 |
||
| 856 | 4 | 0 | _uhttp://sfxeu05.hosted.exlibrisgroup.com/46LUB?url_ver=Z39.88-2004&ctx_ver=Z39.88-2004&ctx_enc=info:ofi/enc:UTF-8&rfr_id=info:sid/sfxit.com:opac_856&url_ctx_fmt=info:ofi/fmt:kev:mtx:ctx&sfx.ignore_date_threshold=1&rft.object_id=1000000000356079&svc_val_fmt=info:ofi/fmt:kev:mtx:sch_svc& |
| 942 |
_2ddc _cBK |
||
| 999 |
_c211138 _d211138 |
||